Normal view
MARC view
- عبيد، موفق علي
Entry Personal Name
001 - CONTROL NUMBER
- control field: 47196
003 - CONTROL NUMBER IDENTIFIER
- control field: JO-AjAnu
005 - DATE AND TIME OF LATEST TRANSACTION
- control field: 20230606081808.0
008 - FIXED-LENGTH DATA ELEMENTS
- fixed length control field: 230606|| aca||aabn | a|a d
040 ## - CATALOGING SOURCE
- Original cataloging agency: JO-AjAnu
- Transcribing agency: JO-AjAnu
100 ## - HEADING--PERSONAL NAME
- Personal name: عبيد، موفق علي
670 ## - SOURCE DATA FOUND
- Source citation: Work cat.: (JO-AjAnu)24154: عبيد، موفق علي , author, المسؤولية الجزائية للأطباء عن إفشاء السر المهني